00566nam a2200193 a 4500001001300000003000900013005001700022008004100039020001000080082002100090100002100111245006900132260003400201300000800235500003500243505005500278650001800333700002100351nice12345678IN_TiNIC20260116011433.0050524s1938 dela grp 000 0 eng  ac10000a324.2054082bHAS aHasan, S Shamsul aHindu Muslim Settlementb Correspondence Between Jinnah & Others aDelhibS. Shamsul Hasanc1938 a58p aincludes index and biblioraphy2 aMeeting of the N C C Nagpur Dec,28,1939-Jan 2,1940 aMuslim League1 aHasan, S Shamsul